[Event "Bremen-ch op"]
[Site "Bremen"]
[Date "2014.04.16"]
[Round "4"]
[White "Ditmas, Hugh"]
[Black "Friesen, Walter"]
[Result "1-0"]
[WhiteElo "2026"]
[BlackElo "1805"]
[PlyCount "63"]
[EventDate "2014.04.14"]
[EventType "swiss"]
[EventRounds "9"]
[EventCountry "GER"]
[SourceTitle "EXT 2018"]
[Source "ChessBase"]
[SourceDate "2017.10.13"]
[SourceVersion "1"]
[SourceVersionDate "2017.10.13"]
[SourceQuality "1"]

1. d4 d5 2. c4 c6 3. Nf3 Nf6 4. Nc3 e6 5. Bg5 h6 6. Bxf6 Qxf6 7. e3 Nd7 8. Be2 g6 9. 0-0 Bg7 10. Rc1 0-0 11. a3 Rd8 12. cxd5 exd5 13. b4 Nf8 14. Qb3 Be6 15. Na4 Bc8 16. Nc5 Qd6 17. Rc3 Ne6 18. Rfc1 Qe7 19. Bf1 Kh7 20. Nd3 Ng5 21. Nxg5+ Qxg5 22. b5 cxb5 23. Qxb5 b6 24. Rc7 Be6 25. Nf4 Kh8 26. Nxe6 fxe6 27. Qc6 e5 28. dxe5 Bxe5 29. f4 Qf6 30. fxe5 Qxe5 31. Qxg6 Qxe3+ 32. Kh1 1-0

[Event "Bremen-ch op"]
[Site "Bremen"]
[Date "2014.04.16"]
[Round "6"]
[White "Rast, Matthias"]
[Black "Friesen, Walter"]
[Result "0-1"]
[WhiteElo "1125"]
[BlackElo "1805"]
[PlyCount "114"]
[EventDate "2014.04.14"]
[EventType "swiss"]
[EventRounds "9"]
[EventCountry "GER"]
[SourceTitle "EXT 2018"]
[Source "ChessBase"]
[SourceDate "2017.10.13"]
[SourceVersion "1"]
[SourceVersionDate "2017.10.13"]
[SourceQuality "1"]

1. d4 d5 2. Nf3 Nf6 3. e3 Bf5 4. c4 e6 5. Nc3 c6 6. b3 Nbd7 7. c5 b6 8. b4 a5 9. Ba3 axb4 10. Bxb4 bxc5 11. dxc5 Bxc5 12. Bxc5 Nxc5 13. Nd4 Qd7 14. Nxf5 exf5 15. Be2 0-0 16. 0-0 g6 17. h3 Rfe8 18. Qd4 Nfe4 19. Nxe4 Nxe4 20. a4 Nd6 21. Rfc1 f4 22. Qxf4 Re4 23. Qf6 Rexa4 24. Bd1 Rxa1 25. Rxa1 Rxa1 26. Qxa1 h5 27. Qa8+ Kg7 28. Ba4 Nb5 29. Qb8 Qa7 30. Qe5+ f6 31. Qa1 Nc3 32. Qxc3 Qxa4 33. Qc5 Qa1+ 34. Kh2 Qe5+ 35. Kg1 Qc7 36. Kh1 Kf7 37. Kg1 Qd7 38. Kh1 g5 39. Qc2 Qd6 40. Qh7+ Ke8 41. Qg6+ Kd7 42. Qf5+ Qe6 43. Qh7+ Kd6 44. Qd3 Qd7 45. Qa3+ c5 46. Qa6+ Qc6 47. Qd3 c4 48. Qc3 Ke6 49. Kg1 Qb5 50. Qd4 Qb1+ 51. Kh2 Qe4 52. Qb6+ Kf5 53. Qc5 Qe5+ 54. Kg1 Ke4 55. Qb4 Qa1+ 56. Kh2 Kd3 57. Qd6 Qe5+ 0-1

[Event "Bremen-ch op"]
[Site "Bremen"]
[Date "2014.04.14"]
[Round "2"]
[White "Buescher, Andre"]
[Black "Friesen, Walter"]
[Result "1-0"]
[WhiteElo "2093"]
[BlackElo "1805"]
[PlyCount "46"]
[EventDate "2014.04.14"]
[EventType "swiss"]
[EventRounds "9"]
[EventCountry "GER"]
[SourceTitle "EXT 2018"]
[Source "ChessBase"]
[SourceDate "2017.10.13"]
[SourceVersion "1"]
[SourceVersionDate "2017.10.13"]
[SourceQuality "1"]

1. e4 c5 2. g3 d6 3. Bg2 Nc6 4. Ne2 Nf6 5. 0-0 g6 6. c3 Bg7 7. d4 cxd4 8. cxd4 0-0 9. h3 Qb6 10. d5 Ne5 11. Nbc3 Ned7 12. Rb1 a5 13. Be3 Qa6 14. Nd4 Ne8 15. Qd2 Ne5 16. b3 Nd3 17. Rfd1 Nc5 18. Bf1 Qb6 19. a3 Nf6 20. f3 Bd7 21. b4 axb4 22. axb4 Ncxe4 23. fxe4 Qd8 1-0